000 00582nam a2200133Ia 4500
008 171212s9999 xx 000 0 und d
020 _a9781920942588
100 _aMoyal, Ann
245 _cMoyal, Ann
_aMaverick Mathematician
_bThe Life and Science of J.E. Moyal
260 _bANU E Press
_c2006
650 _aHistory
650 _aMoyal, J. E.; Dirac, P. A. M. (Paul Adrien Maurice), 1902- -- Correspondence; Mathematicians -- Australia -- Biography; Aerospace engineers -- Australia -- Biography; Quantum theory -- Mathematics
856 _uwww.jstor.org/stable/10.2307/j.ctt2jbkd7
999 _c351205
_d351205